Global Street Design Guide

Salvato in:
Dettagli Bibliografici
Natura: Libro
Lingua:inglese
Pubblicazione: Washington: Island Press, 2016
Edizione:1. vyd.
Serie:Global Designing Cities Initiative
Tags: Aggiungi Tag
Nessun Tag, puoi essere il primo ad aggiungerne!!

MARC

LEADER 00000nam a22000003a 4500
001 0066650
003 SK-STU
005 20180814102458.3
007 ta
008 180814s ----xo-----e------000-0-----d
020 |a 978-1-61091-701-8 
040 |a STU  |b slo 
041 0 |a eng  |h eng 
044 |a xxu 
245 1 0 |a Global Street Design Guide 
250 |a 1. vyd. 
260 |a Washington:  |b Island Press,  |c 2016 
300 |a 442 s.  
490 0 |a Global Designing Cities Initiative 
996 |c V* 52778/O-23935  |l VV2  |s P  |a 0  |w 0066650_0001